[Event "CAN-ch op"]
[Site "Calgary"]
[Date "1996.07.18"]
[Round "7"]
[White "Maric, Victor"]
[Black "Hergott, Deen"]
[Result "0-1"]
[WhiteElo "2191"]
[BlackElo "2512"]
[PlyCount "68"]
[EventDate "1996.07.13"]
[EventType "swiss"]
[EventRounds "10"]
[EventCountry "CAN"]
[SourceTitle "EXT 2022"]
[Source "ChessBase"]
[SourceDate "2021.10.06"]
[SourceVersion "1"]
[SourceVersionDate "2021.10.06"]
[SourceQuality "1"]

1. e4 c5 2. Nf3 Nc6 3. Nc3 g6 4. d4 cxd4 5. Nxd4 Bg7 6. Be3 Nf6 7. Be2 0-0 8. 0-0 d6 9. Kh1 Nxd4 10. Bxd4 Bd7 11. f4 Bc6 12. Bf3 Qa5 13. Nd5 Bxd5 14. exd5 Rfe8 15. Re1 Rac8 16. c3 Bh6 17. Qb3 Bxf4 18. Qxb7 Rc7 19. Qb3 Nd7 20. a4 Be5 21. Bf2 Rb8 22. Qa3 Qa6 23. Rac1 Qc8 24. Re4 Nc5 25. Bxc5 Rxc5 26. Rb4 Rxb4 27. Qxb4 Rc4 28. Qb5 Rh4 29. Re1 Qf5 30. Qe8+ Kg7 31. Qxe7 Qf4 32. Kg1 Qxh2+ 33. Kf1 Rxa4 34. Re2 Ra1+ 0-1

[Event "CAN-ch op"]
[Site "Calgary"]
[Date "1996.07.14"]
[Round "3"]
[White "Spraggett, Kevin"]
[Black "Maric, Victor"]
[Result "0-1"]
[WhiteElo "2600"]
[BlackElo "2191"]
[PlyCount "111"]
[EventDate "1996.07.13"]
[EventType "swiss"]
[EventRounds "10"]
[EventCountry "CAN"]
[SourceTitle "EXT 2022"]
[Source "ChessBase"]
[SourceDate "2021.10.06"]
[SourceVersion "1"]
[SourceVersionDate "2021.10.06"]
[SourceQuality "1"]

1. c4 Nf6 2. Nf3 g6 3. b3 Bg7 4. Bb2 0-0 5. g3 c6 6. Bg2 d5 7. 0-0 Bf5 8. d3 Qb6 9. Nbd2 Rd8 10. Qc2 Nbd7 11. Rac1 Rac8 12. Qb1 Bh6 13. Bd4 Qa6 14. cxd5 cxd5 15. Qb2 Qa5 16. h3 Bf8 17. Bc3 Qa6 18. a4 Nc5 19. Nd4 Ne8 20. Nxf5 gxf5 21. Nf3 Bg7 22. Nd4 Qg6 23. Kh2 e5 24. Nf3 d4 25. Bb4 b6 26. Bxc5 bxc5 27. Nd2 Qe6 28. b4 cxb4 29. Qxb4 Rb8 30. Qa5 Qb6 31. Nc4 Qxa5 32. Nxa5 Rb2 33. Nc6 Rd7 34. Rfe1 Nd6 35. Rb1 Rxb1 36. Rxb1 Bf6 37. Rb8+ Kg7 38. Ra8 Rb7 39. Rxa7 Rb2 40. Rd7 Nb7 41. Nxe5 Bxe5 42. Bxb7 Ra2 43. Bd5 Rxa4 44. f4 Bf6 45. Rxf7+ Kg6 46. Rd7 Ra5 47. Bg8 h5 48. Bf7+ Kh6 49. Rd6 h4 50. Rxf6+ Kg7 51. Re6 Kxf7 52. Re5 Rxe5 53. fxe5 Ke6 54. gxh4 f4 55. Kg2 Kxe5 56. Kf3 0-1